Recherches expérimentales sur le symbolisme phonétique.

Saved in:
Bibliographic Details
Main Author: Peterfalvi, Jean Michel
Format: Book
Language:French
Published: Paris, Centre nationale de la recherche scientifique, 1970.
Series:Monographies françaises de psychologie ; 19
Subjects:
LEADER 00914nam a2200241 4500
001 c000372155
003 CARM
005 00000000000000.0
008 710503s1970 xx a 00000 fre d
019 1 |a 5108246  |5 LACONCORD2021 
035 |a (OCoLC)356064  |5 LACONCORD2021 
040 |a DNLM  |c DNLM 
060 0 0 |a W1  |b MO562N no.19 1970 
100 1 |a Peterfalvi, Jean Michel. 
245 1 0 |a Recherches expérimentales sur le symbolisme phonétique. 
260 |a Paris,  |b Centre nationale de la recherche scientifique,  |c 1970. 
300 |a 174 p.  |b illus. 
490 0 |a Monographies françaises de psychologie ;  |v 19 
650 2 |a Psycholinguistics. 
650 2 |a Symbolism (Psychology) 
852 8 |b CARM  |h A1:AP29C0  |i C09334  |p 0349730  |f BK 
999 f f |i 14665c20-6772-5b24-a5aa-e811dd16013c  |s f54d269a-482e-5203-b7c4-b96b24d23de9 
952 f f |p Can circulate  |a CAVAL  |b CAVAL  |c CAVAL  |d CARM 1 Store  |e C09334  |f A1:AP29C0  |h Other scheme  |i book  |m 0349730